000 00357 a2200169 4500
001 74184
020 _a8570257457
040 _cAnchieta - Colégio São Paulo
100 _aKlüsener, Renita
240 1 0 _aLer e Escrever
_lpor
245 1 0 _aLer e Escrever
300 _a229
362 0 _a2004
440 1 _aUFRGS
650 4 _aEducação
942 _cBK
999 _c74184
_d74184